| Tag |
First Indicator |
Second Indicator |
Subfields |
| LEADER |
00000cam a2200000 a 4500 |
| 001 |
in00001223402 |
| 005 |
20151003052959.0 |
| 008 |
941102s1995 coua b 001 0 eng |
| 010 |
|
|
|a 94042939
|
| 015 |
|
|
|a GB95-22944
|
| 019 |
|
|
|a 32203975
|
| 020 |
|
|
|a 0813387523 (alk. paper)
|
| 035 |
|
|
|a (OCoLC)31607679
|
| 035 |
|
|
|9 AGR7817AM
|
| 040 |
|
|
|a DLC
|c DLC
|d IUP
|d AGL
|d PIT
|d UKM
|d TXA
|d UtOrBLW
|
| 043 |
|
|
|a n-us---
|a n-cn---
|
| 049 |
|
|
|a TXAM
|
| 050 |
0 |
0 |
|a KDZ948.8
|b .A86 1995
|
| 070 |
0 |
|
|a KDZ948.8.A86
|b 1994
|
| 072 |
|
0 |
|a E700
|
| 082 |
0 |
0 |
|a 341.7/54
|2 20
|
| 100 |
1 |
|
|a Anderson, Andrew D. M.
|
| 245 |
1 |
0 |
|a Seeking common ground :
|b Canada-U.S. trade dispute settlement policies in the nineties /
|c Andrew D.M. Anderson.
|
| 264 |
|
1 |
|a Boulder :
|b Westview Press,
|c 1995.
|
| 300 |
|
|
|a x, 313 pages :
|b illustrations ;
|c 23 cm.
|
| 336 |
|
|
|a text
|b txt
|2 rdacontent
|
| 337 |
|
|
|a unmediated
|b n
|2 rdamedia
|
| 338 |
|
|
|a volume
|b nc
|2 rdacarrier
|
| 490 |
1 |
|
|a Political economy of global interdependence
|
| 504 |
|
|
|a Includes bibliographical references (pages 273-295) and indexes.
|
| 650 |
|
0 |
|a Dumping (International trade)
|x Law and legislation
|z United States.
|
| 650 |
|
0 |
|a Antidumping duties
|x Law and legislation
|z United States.
|
| 650 |
|
0 |
|a Arbitration and award
|z United States.
|
| 650 |
|
0 |
|a Dumping (International trade)
|x Law and legislation
|z Canada.
|
| 650 |
|
0 |
|a Antidumping duties
|x Law and legislation
|z Canada.
|
| 650 |
|
0 |
|a Arbitration and award
|z Canada.
|
| 653 |
0 |
|
|a Foreign trade
|a Policies
|a Of
|a Government
|
| 653 |
0 |
|
|a United States
|
| 653 |
0 |
|
|a Canada
|
| 830 |
|
0 |
|a Political economy of global interdependence.
|
| 999 |
|
|
|a MARS
|
| 999 |
f |
f |
|s 0abcea3d-35c7-358f-9a64-b3434f65c644
|i dd981ac1-6311-3bf0-8b2a-4b006045a18e
|t 0
|
| 952 |
f |
f |
|p ric
|a Texas A&M University
|b Rellis Campus
|c Joint Library Facility
|d Remote Storage
|t 0
|e KDZ948.8 .A86 1995
|h Library of Congress classification
|i unmediated -- volume
|m A14819286440
|
| 998 |
f |
f |
|a KDZ948.8 .A86 1995
|t 0
|l Remote Storage
|